College Football Sudden Death by State: Kentucky - Statistics

General Stats
  • This quiz has been taken 53 times
  • The average score is 5 of 6
Answers on the Grid
Answers color-coded by a green-red scale on the quiz's grid according to % correct below.
 
Answer Stats
Answer % Correct
University of Kentucky
(Lexington, KY)
94%
Western Kentucky University
(Bowling Green, KY)
91%
Eastern Kentucky University
(Richmond, KY)
80%
University of Louisville
(Louisville, KY)
71%
Morehead State University
(Morehead, KY)
60%
Murray State University
(Murray, KY)
54%
No matching quizzes found
Score Distribution
Percent of People with Each Score
Percentile by Number Answered
Your Score History
You have not taken this quiz